Problemas actuales de moral

Gespeichert in:
Bibliographische Detailangaben
1. Verfasser: Hortelano, Antonio (VerfasserIn)
Format: Buch
Sprache:Spanisch
Veröffentlicht: Salamanca Sígueme 1981
Ausgabe:2a. ed
Schriftenreihe:Lux Mundi, 50
Schlagworte:
Tags: Tag hinzufügen
Keine Tags, Fügen Sie den ersten Tag hinzu!

MARC

LEADER 00000nam a2200000 a 4500
001 UCL2190
003 CL-VaPUC
008 031017e19810000SP |||||||||||||||||spa|d
082 0 4 |a 241  |b HOR  |2 21 
100 |a Hortelano, Antonio  |e author  |9 600847 
245 1 0 |a Problemas actuales de moral 
250 |a 2a. ed 
300 |a v 
942 |c BK 
945 |d 20031017 00:00:00  |a rbrito 
260 |a Salamanca  |b Sígueme  |c 1981 
500 |a v.1: Introducción a la teología moral, la conciencia moral 
500 |a v.2: La violencia, el amor y la sexualidad 
650 0 |a Teología moral   |9 256617 
650 0 |a Ética  |9 255099 
650 0 |a Valores sociales  |9 309627 
650 0 |a Violencia  |9 255411 
650 0 |a Amor  |9 257817 
650 0 |a Sexualidad  |9 358183 
583 |a last modification  |c 20031017 00:00:00  |k Rodrigo Vera 
490 0 |a Lux Mundi, 50 
999 |c 305547  |d 305545 
952 |0 0  |1 0  |4 0  |6 241_000000000000000_HOR_1981  |7 0  |8 A  |9 369635  |a BIBTEO  |b BIBTEO  |d 2019-11-21  |h v.1  |i 2082020  |o 241 HOR 1981  |p 2082020  |r 2025-01-17  |w 2019-11-21  |y BK  |k ICR 
952 |0 0  |1 0  |4 0  |6 241_000000000000000_HOR_1981  |7 0  |8 A  |9 369636  |a BIBTEO  |b BIBTEO  |d 2019-11-21  |h v.2  |i 2082039  |o 241 HOR 1981  |p 2082039  |r 2025-01-17  |w 2019-11-21  |y BK  |k ICR